1379 1874 1597 1833 1137 1846 1362 1094 1904 1171 1868 1786 1536 1172 1917 1568 1170 1163 1083 1261 1286 1002 1414 1251 1947 1003 1077 1916 1119 1525 1749 1331 1534 1686 1490 1840 1053 1425 1938 1787 1099 1697 1579 1791 1701 1733 1408 1368 1558 1559 1000 1825 1239 1523 1927 1060 1098 1202 1370 1374 1308 1522 1171 1658 1944 1778 1615 1998 1853 1031 1829 1806 1850 1604 1001 1292 1084 1025 1704 1985 1900 1590 1365 1369 1107 1998 1493 1863 1812 1563 1444 1122 1669 1785 1831 1019 1532 1245 1196 BCNSPRNW ULIB Ver.6.0+V

เปลี่ยนเป็นภาษาไทย

Change to English
 แสดงรายละเอียดบรรณานุกรม
  กลับหน้าหลัก

Brief Record : Get Marc (ISO 2709) : E-mail record : QR code < ปิดหน้าต่าง
LEADER : 00000nam 2200000uu 4500
001    13399113510
003     ULIB
008    110627s2551||||th 000 0 tha d
020    9789740468110
090    นว.^bค129ฝ 2551
100 0  คณิตยา
245 00 ฝากรัก..ผ่านซีบ็อกซ์/^cคณิตยา
250    พิมพ์ครั้งที่ 1
260    กรุงเทพฯ :^bพิมพ์คำ,^c2551
300    269 หน้า
710 1  พิมพ์คำ
945    ^p180^l0^i026754
995    ทศพร
999 ^a ใช้งานได้ทุกระบบ
รายการนี้ยังไม่มีแท็ก
คุณยังไม่ได้ล็อกอิน คุณสามารถมีกิจกรรมร่วมกับเว็บไซต์ได้ แต่ต้องล็อกอินก่อน ::
  ล็อกอิน

รายการสื่อสารสนเทศ

ลำดับที่ ประเภท เลขเรียก/บาร์โค้ด สถานที่ สถานะ
1. นวนิยาย
นวนิยาย
นว. ค129ฝ 2551 ฉ.1 
  Barcode: 026754
ห้องสมุดวิทยาเขตสวรรค์ประชารักษ์
►นวนิยาย
บนชั้น
  ขอยืม

รายการใกล้เคียง
    ผู้แต่ง [คณิตยา]

BibComment


ยังไม่เคยถูกคอมเมนท์

คอมเมนท์ทรัพยากรรายการนี้
  คอมเมนท์: ฝากรักผ่านซีบ็อกซ..


 Copyright 2026. Bcnsprnw @Library